00000000nam 2200000zi 4500
0019.947317
003CaOODSP
00520250403102726
006m     o  d f      
007cr cn|||||||||
008250123t20252025oncd    obs  f000 0 fre d
040 |aCaOODSP|bfre|erda|cCaOODSP
043 |an-cn---
0861 |aCS36-28-0001/2025-1-2F-PDF
1001 |aAmundsen, Alexander, |eauteur.
24513|aLa pandémie de COVID-19 a-t-elle zombifié l’économie? : |bregard sur les entreprises zombies / |cpar Alexander Amundsen, Amélie Lafrance-Cooke et Danny Leung.
264 1|a[Ottawa] : |bStatistique Canada = Statistics Canada, |cle 22 janvier 2025.
264 4|c©2025
300 |a1 ressource en ligne (6 pages) : |bgraphiques.
336 |atexte|btxt|2rdacontent/fre
337 |ainformatique|bc|2rdamedia/fre
338 |aressource en ligne|bcr|2rdacarrier/fre
4901 |aRapports économiques et sociaux, |x2563-8963 ; |vvol. 5, n° 1, janvier 2025
500 |aTitre de la couverture.
500 |aEn tête du titre : Pleins feux sur les données et la recherche.
500 |aPublié aussi en anglais sous le titre : Did the COVID-19 pandemic zombify the economy? a look at zombie firms.
504 |aComprend des références bibliographiques (page 6).
520 |a« Le présent article résume les récentes recherches menées par Amundsen et coll. (2025) qui portent sur la prévalence et la dynamique des entreprises zombies pendant les années de la pandémie (2020 à 2022), le rôle des mesures de soutien aux entreprises pour permettre de stimuler les entreprises zombies ou de favoriser leur survie, et la contribution de ces entreprises à la perte de productivité au Canada. Les entreprises zombies sont définies comme étant des entreprises âgées d’au moins 10 ans dont les bénéfices avant intérêts et impôts sont inférieurs à leurs paiements d’intérêts pendant trois années consécutives » -- Page 1.
650 6|aEntreprises|zCanada|vStatistiques.
650 6|aAide de l'État aux petites et moyennes entreprises|zCanada|vStatistiques.
650 6|aPandémie de COVID-19, 2020-2023|xAspect économique|zCanada|vStatistiques.
655 7|aStatistiques|2rvmgf
7102 |aStatistique Canada, |eorganisme de publication.
77508|tDid the COVID-19 pandemic zombify the economy? : |w(CaOODSP)9.947304
830#0|aRapports économiques et sociaux (Statistique Canada)|vvol. 5, n° 1, janvier 2025.|w(CaOODSP)9.895770
85640|qPDF|s669 Ko|uhttps://publications.gc.ca/collections/collection_2025/statcan/36-28-0001/CS36-28-0001-2025-1-2-fra.pdf
8564 |qHTML|sS.O.|uhttps://www150.statcan.gc.ca/n1/pub/36-28-0001/2025001/article/00002-fra.htm
986 |a36-28-0001